Statystyki dla Flagi państw świata w 1910 roku

Kliknij tutaj aby rozwiązać quiz!

Ogólne statystyki

  • Ten quiz został rozwiązany 12 447 razy
  • Średni wynik to 37 z 62

Statystyki odpowiedzi

Odpowiedź% Poprawnych
Japonia
99%
Rosja
99%
Stany Zjednoczone
98%
Holandia
97%
Belgia
96%
Francja
95%
Szwajcaria
95%
Luksemburg
94%
Norwegia
91%
Szwecja
91%
Dania
90%
Hiszpania
89%
Wielka Brytania
83%
Bułgaria
82%
Chile
82%
Chiny
82%
San Marino
82%
Australia
81%
Urugwaj
81%
Monako
80%
Nowa Zelandia
80%
Panama
78%
Peru
77%
Brazylia
75%
Argentyna
73%
Meksyk
72%
Nepal
72%
Austro-Węgry
71%
Kolumbia
71%
Rumunia
71%
Liberia
70%
Serbia
68%
Niemcy
67%
Paragwaj
67%
Ekwador
66%
Wenezuela
66%
Włochy
66%
Kuba
63%
Kostaryka
60%
Imperium Osmańskie
59%
Dominikana
58%
Honduras
53%
Portugalia
50%
Haiti
49%
Boliwia
48%
Nikaragua
48%
Gwatemala
39%
Syjam
31%
Grecja
30%
Kanada
29%
Czarnogóra
28%
Liechtenstein
28%
Andora
15%
Persja
15%
Etiopia
11%
Republika Południowej Afryki
11%
Nowa Fundlandia
6%
Salwador
6%
Nedżd i Hasa
4%
Ha'il
3%
Asir
2%
Państwo Derwiszów
2%

Rozkład punktacji

Percentyl według liczby udzielonych odpowiedzi

Procent ludzi z każdym wynikiem

Twoja historia wyników

Nie rozwiązałeś tego quizu